| 000 | 00786cam a2200133 4500500 | ||
|---|---|---|---|
| 005 | 20251130003012.0 | ||
| 041 | _afre | ||
| 042 | _adc | ||
| 100 | 1 | 0 |
_aAdam, Charles _eauthor |
| 245 | 0 | 0 | _aDieu et l'homme ont changé de visage : Regard d'un prêtre |
| 260 |
_bL'Harmattan,
_c2005. |
||
| 520 | _aCharles Adam est prêtre à Orléans. Contraint à une retraite prématurée, il jette un regard très concret sur les évènements, petits et grands, qui ont jalonné sa route, profondément changé sa façon de voir l’existence et également modifié bien des aspects de sa foi. Il partage aussi clairement cet autre visage de Dieu et de l’homme. | ||
| 856 | 4 | 1 | _uhttps://shs.cairn.info/dieu-et-lhomme-ont-change-de-visage--9782747577144?lang=fr&redirect-ssocas=7080 |
| 999 |
_c1565958 _d1565958 |
||